| 000 | 00648nam a2200181Ia 4500 | ||
|---|---|---|---|
| 008 | 151018s9999 xx 000 0 und d | ||
| 082 |
_bRBASDV6372 _a891.463 |
||
| 100 | _aचंद्रकांत काकोडकर | ||
| 245 | _aबाटलीतले रहस्य | ||
| 250 | _b1 | ||
| 260 |
_bसिधदार्थ साहित्य _c1967 |
||
| 300 | _a112 | ||
| 600 | _aचंद्रकांत काकोडकर | ||
| 630 | _aबाटलीतले रहस्य | ||
| 700 | _aचंद्रकांत काकोडकर | ||
| 730 | _aबाटलीतले रहस्य | ||
| 942 | _cBOOK | ||
| 999 |
_c1008748 _d1008745 |
||